[Event "Asia Nations online Cup final"]
[Site "Chess.com INT"]
[Date "2020.10.23"]
[Round "1.1"]
[White "Tabatabaei, Mohammad Amin"]
[Black "Hsu, Li Yang"]
[Result "1-0"]
[WhiteElo "2629"]
[BlackElo "2427"]
[PlyCount "79"]
[EventDate "2020.10.23"]
[EventType "team-k.o. (rapid)"]
[EventRounds "6"]
[EventCountry "IND"]
[SourceTitle "CBM 199 Extra"]
[Source "ChessBase"]
[SourceDate "2021.01.31"]
[SourceVersion "1"]
[SourceVersionDate "2021.01.31"]
[SourceQuality "1"]
[WhiteTeam "Iran"]
[BlackTeam "Singapore"]
[WhiteTeamCountry "IRI"]
[BlackTeamCountry "SIN"]

1. Nf3 Nf6 2. g3 d5 3. Bg2 e6 4. 0-0 Be7 5. d4 0-0 6. c4 dxc4 7. Qc2 a6 8. a4 Bd7 9. Rd1 Bc6 10. Bg5 Nbd7 11. Nbd2 Nd5 12. Bxe7 Qxe7 13. Qxc4 Nb4 14. e4 a5 15. b3 Rfd8 16. h4 h6 17. Re1 Qf8 18. Rad1 Rac8 19. Qc3 b6 20. Nc4 Bb7 21. Rd2 c5 22. Qe3 Nf6 23. Qf4 cxd4 24. Nxd4 Rxd4 25. Rxd4 Nc2 26. Red1 Nxd4 27. Rxd4 Qc5 28. Qd6 Qxd6 29. Rxd6 Bxe4 30. Bxe4 Nxe4 31. Rxb6 Rd8 32. Kg2 Rd5 33. Rb5 Rd3 34. f3 Nd2 35. Nxa5 Nxf3 36. Nc4 e5 37. a5 e4 38. a6 Rc3 39. a7 Rc2+ 40. Kf1 1-0

[Event "Asia Nations online Cup"]
[Site "Chess.com INT"]
[Date "2020.10.18"]
[Round "7.4"]
[White "Batchuluun, Tsegmed"]
[Black "Hsu, Li Yang"]
[Result "1/2-1/2"]
[WhiteElo "2536"]
[BlackElo "2427"]
[PlyCount "59"]
[EventDate "2020.10.10"]
[EventType "team-swiss (rapid)"]
[EventRounds "9"]
[EventCountry "IND"]
[SourceTitle "CBM 198 Extra"]
[Source "ChessBase"]
[SourceDate "2020.11.30"]
[SourceVersion "1"]
[SourceVersionDate "2020.11.30"]
[SourceQuality "1"]
[WhiteTeam "Mongolia"]
[BlackTeam "Singapore"]
[WhiteTeamCountry "MGL"]
[BlackTeamCountry "SIN"]

1. d4 d5 2. c4 e6 3. Nc3 Nf6 4. Bg5 Be7 5. e3 h6 6. Bh4 0-0 7. Nf3 b6 8. cxd5 Nxd5 9. Bxe7 Qxe7 10. Nxd5 exd5 11. Be2 Be6 12. 0-0 c5 13. dxc5 bxc5 14. Rc1 Nd7 15. Qa4 Rfb8 16. Qa3 Qf6 17. b3 a5 18. Rfd1 a4 19. bxa4 Rb4 20. a5 Qb2 21. Qxb2 Rxb2 22. Rd2 Rxd2 23. Nxd2 Rxa5 24. Ra1 c4 25. Nb1 Nc5 26. Nc3 Ra3 27. Nb5 Ra5 28. Nc3 Ra3 29. Nb5 Ra5 30. Nc3 1/2-1/2

[Event "Asia Nations online Cup"]
[Site "Chess.com INT"]
[Date "2020.10.18"]
[Round "8.6"]
[White "Saif, Malek"]
[Black "Hsu, Li Yang"]
[Result "0-1"]
[WhiteElo "2168"]
[BlackElo "2427"]
[PlyCount "58"]
[EventDate "2020.10.10"]
[EventType "team-swiss (rapid)"]
[EventRounds "9"]
[EventCountry "IND"]
[SourceTitle "CBM 198 Extra"]
[Source "ChessBase"]
[SourceDate "2020.11.30"]
[SourceVersion "1"]
[SourceVersionDate "2020.11.30"]
[SourceQuality "1"]
[WhiteTeam "Jordan"]
[BlackTeam "Singapore"]
[WhiteTeamCountry "JOR"]
[BlackTeamCountry "SIN"]

1. e4 e6 2. Qe2 d5 3. exd5 Nf6 4. Nc3 Nxd5 5. Nxd5 Qxd5 6. Nf3 Nc6 7. b3 e5 8. Bb2 f6 9. 0-0-0 Bg4 10. d4 0-0-0 11. c4 Qa5 12. d5 Qxa2 13. dxc6 Ba3 14. Rxd8+ Rxd8 15. cxb7+ Kb8 16. Bxa3 Qa1+ 17. Kc2 Bf5+ 18. Qd3 Bxd3+ 19. Bxd3 Qxh1 20. Bc5 Qxg2 21. Be4 Qf1 22. Nd2 Qe2 23. Bd5 c6 24. Be3 cxd5 25. cxd5 Rxd5 26. Kc3 Rd3+ 27. Kb4 Rxd2 28. Bxd2 Qxd2+ 29. Kb5 Kxb7 0-1

[Event "Olympiad-34"]
[Site "Istanbul"]
[Date "2000.11.07"]
[Round "10.3"]
[White "Hsu, Li Yang"]
[Black "Komliakov, Viktor"]
[Result "0-1"]
[WhiteElo "2440"]
[BlackElo "2453"]
[PlyCount "52"]
[EventDate "2000.10.28"]
[EventType "team-swiss"]
[EventRounds "14"]
[EventCountry "TUR"]
[SourceTitle "EXT 2001"]
[Source "ChessBase"]
[SourceDate "2000.11.22"]
[SourceVersion "1"]
[SourceVersionDate "2000.11.22"]
[SourceQuality "1"]
[WhiteTeam "Singapore"]
[BlackTeam "Moldova"]
[WhiteTeamCountry "SIN"]
[BlackTeamCountry "MDA"]

1. d4 d5 2. c4 c6 3. Nf3 Nf6 4. cxd5 cxd5 5. Nc3 Nc6 6. Bf4 a6 7. e3 Bg4 8. Be2 e6 9. Qb3 Bxf3 10. gxf3 Ra7 11. Rg1 Be7 12. 0-0-0 0-0 13. Bh6 Ne8 14. e4 Kh8 15. Bf4 Bf6 16. exd5 exd5 17. Nxd5 Nxd4 18. Qc4 b5 19. Qc5 Nxe2+ 20. Kb1 Rg8 21. Qxa7 Nxg1 22. Qxf7 Ne2 23. Be3 Nd6 24. Qh5 Nc4 25. f4 Nxb2 26. Rd2 Na4 0-1

[Event "Asia-chT fin 12th"]
[Site "Shenyang"]
[Date "1999.10.11"]
[Round "2"]
[White "Ye, Jiangchuan"]
[Black "Hsu, Li Yang"]
[Result "1/2-1/2"]
[WhiteElo "2682"]
[BlackElo "2441"]
[PlyCount "124"]
[EventDate "1999.10.10"]
[EventType "team"]
[EventRounds "9"]
[EventCountry "CHN"]
[SourceTitle "EXT 2000"]
[Source "ChessBase"]
[SourceDate "1999.11.16"]
[SourceVersion "1"]
[SourceVersionDate "1999.11.16"]
[SourceQuality "1"]
[WhiteTeam "China"]
[BlackTeam "Singapore"]
[WhiteTeamCountry "CHN"]
[BlackTeamCountry "SIN"]

1. e4 d5 2. exd5 Nf6 3. Nf3 Nxd5 4. d4 g6 5. Be2 Bg7 6. 0-0 0-0 7. Na3 c5 8. dxc5 Na6 9. Bc4 e6 10. Bg5 Qc7 11. Bxd5 exd5 12. c3 Nxc5 13. Be3 Be6 14. Bd4 Rac8 15. Bxg7 Kxg7 16. Nd4 Qb6 17. Rb1 a6 18. Nac2 Ne4 19. Qe2 Rfe8 20. f3 Nc5 21. Qf2 Kg8 22. Rfd1 Nd7 23. Ne3 Ne5 24. Ndc2 Nc4 25. a3 a5 26. Nxc4 Qxf2+ 27. Kxf2 dxc4 28. Nd4 Rc5 29. Re1 Bd7 30. Rxe8+ Bxe8 31. Re1 Bd7 32. Re7 Rd5 33. f4 Rd6 34. Re5 Rb6 35. Re2 Kg7 36. Ke3 Kf6 37. Rd2 h5 38. Nf3 Be6 39. Nd4 Bf5 40. Nf3 Be6 41. Ke4 Rb5 42. h3 Bf5+ 43. Ke3 Be6 44. Ng5 Bd5 45. Kd4 Bc6 46. Ke3 h4 47. Nf3 Bxf3 48. Kxf3 Kf5 49. a4 Rb6 50. Rd5+ Ke6 51. Rxa5 Kd6 52. f5 Rxb2 53. fxg6 fxg6 54. Rg5 Rb3 55. Rxg6+ Ke5 56. Rg5+ Kf6 57. Kg4 Rxc3 58. Kxh4 Ra3 59. a5 c3 60. Rc5 Ke6 61. g4 Kd6 62. Rc8 Kd5 1/2-1/2

[Event "Karpov GM"]
[Site "Singapore"]
[Date "1997.12.14"]
[Round "1"]
[White "Wu, Shaobin"]
[Black "Hsu, Li Yang"]
[Result "1/2-1/2"]
[WhiteElo "2430"]
[BlackElo "2390"]
[PlyCount "54"]
[EventDate "1997.??.??"]
[EventType "tourn"]
[EventRounds "14"]
[EventCountry "SIN"]
[EventCategory "7"]
[SourceTitle "EXT 1999"]
[Source "ChessBase"]
[SourceDate "1998.11.16"]
[SourceVersion "1"]
[SourceVersionDate "1998.11.16"]
[SourceQuality "1"]

1. d4 Nf6 2. c4 e6 3. Nc3 Bb4 4. e3 0-0 5. Bd3 d5 6. Nf3 dxc4 7. Bxc4 c5 8. 0-0 Nc6 9. a3 Bxc3 10. bxc3 Qc7 11. Ba2 Rd8 12. Qc2 e5 13. Ng5 Rf8 14. d5 Ne7 15. e4 Ng6 16. h3 Ne8 17. f4 exf4 18. e5 Qxe5 19. Bxf4 Bf5 20. Bxe5 Bxc2 21. Bg3 h6 22. Nxf7 Bd3 23. Rfd1 c4 24. Ne5 Nxe5 25. Bxe5 Rd8 26. d6 Kh7 27. Bb1 Nxd6 1/2-1/2

[Event "Asia-ch"]
[Site "Dubai"]
[Date "1996.??.??"]
[Round "?"]
[White "Hsu, Li Yang"]
[Black "Jiravorasuk, Banjuab"]
[Result "1-0"]
[WhiteElo "2385"]
[BlackElo "2245"]
[PlyCount "71"]
[EventDate "1996.??.??"]
[EventType "swiss"]
[EventRounds "9"]
[EventCountry "UAE"]
[SourceTitle "EXT 1999"]
[Source "ChessBase"]
[SourceDate "1998.11.16"]
[SourceVersion "1"]
[SourceVersionDate "1998.11.16"]
[SourceQuality "1"]

1. d4 Nf6 2. c4 g6 3. g3 Bg7 4. Bg2 0-0 5. Nf3 d6 6. 0-0 Nbd7 7. Qc2 e5 8. Rd1 Re8 9. dxe5 Nxe5 10. Nd4 c6 11. h3 Qb6 12. b3 Nfd7 13. Nc3 Nc5 14. e4 a5 15. Be3 a4 16. Rab1 axb3 17. axb3 Qc7 18. f4 Ned7 19. b4 Ne6 20. Ndb5 cxb5 21. Nxb5 Qb8 22. Nxd6 Rf8 23. c5 Ra3 24. Rb3 Rxb3 25. Qxb3 Nf6 26. b5 Ne8 27. e5 Nd8 28. Qa4 Be6 29. Nxb7 Nxb7 30. c6 Nd8 31. b6 Bxe5 32. fxe5 Qxe5 33. Qf4 Nxc6 34. Bxc6 Qh5 35. Rd8 Qe2 36. Qf2 1-0

[Event "Asia-chT fin 11th"]
[Site "Singapore"]
[Date "1995.12.20"]
[Round "7"]
[White "Ooi, Chern Ee"]
[Black "Hsu, Li Yang"]
[Result "0-1"]
[WhiteElo "2220"]
[BlackElo "2441"]
[PlyCount "56"]
[EventDate "1995.12.14"]
[EventType "team"]
[EventRounds "9"]
[EventCountry "SIN"]
[SourceTitle "CBM 050 Extra"]
[Source "ChessBase"]
[SourceDate "1996.03.01"]
[SourceVersion "1"]
[SourceVersionDate "1996.03.01"]
[SourceQuality "1"]
[WhiteTeam "Malaysia"]
[BlackTeam "Singapore"]
[WhiteTeamCountry "MAS"]
[BlackTeamCountry "SIN"]

1. d4 Nf6 2. c4 e6 3. Nc3 Bb4 4. e3 0-0 5. Bd3 d5 6. cxd5 exd5 7. Nge2 Re8 8. 0-0 Nbd7 9. f3 c5 10. a3 cxd4 11. exd4 Bd6 12. Bg5 Nb6 13. Rc1 h6 14. Bh4 Bd7 15. Nb5 Bxb5 16. Bxb5 Re6 17. Qb3 Qe7 18. Bg3 Nh5 19. Bxd6 Qxd6 20. Rc5 a6 21. Bd3 Rae8 22. Qc2 Nc4 23. Bxc4 dxc4 24. Nc1 Re1 25. Qxc4 Rxf1+ 26. Kxf1 Qxh2 27. Ne2 Nf4 28. Nxf4 Qh1+ 0-1

[Event "Asia-chT fin 11th"]
[Site "Singapore"]
[Date "1995.12.18"]
[Round "5"]
[White "Nishimura, Hiroyuki"]
[Black "Hsu, Li Yang"]
[Result "0-1"]
[WhiteElo "2285"]
[BlackElo "2441"]
[PlyCount "54"]
[EventDate "1995.12.14"]
[EventType "team"]
[EventRounds "9"]
[EventCountry "SIN"]
[SourceTitle "CBM 050 Extra"]
[Source "ChessBase"]
[SourceDate "1996.03.01"]
[SourceVersion "1"]
[SourceVersionDate "1996.03.01"]
[SourceQuality "1"]
[WhiteTeam "Japan"]
[BlackTeam "Singapore"]
[WhiteTeamCountry "JPN"]
[BlackTeamCountry "SIN"]

1. e4 d5 2. exd5 Nf6 3. c4 e6 4. dxe6 Bxe6 5. Nf3 c5 6. d4 cxd4 7. Nxd4 Qa5+ 8. Nc3 Bb4 9. Nxe6 Bxc3+ 10. bxc3 Qxc3+ 11. Bd2 Qe5+ 12. Be2 Qxe6 13. 0-0 0-0 14. Rb1 Nc6 15. Be3 b6 16. Qc2 Rac8 17. Rfc1 Rfd8 18. Rd1 Qe5 19. Rb5 Rxd1+ 20. Qxd1 Qe4 21. Qb1 Nd4 22. Qxe4 Nxe2+ 23. Kf1 Nxe4 24. Kxe2 Nc3+ 25. Kd3 Nxb5 26. cxb5 Kf8 27. a4 Ke7 0-1

[Event "Asia-chT fin 11th"]
[Site "Singapore"]
[Date "1995.12.17"]
[Round "4"]
[White "Ahmad, Nazir"]
[Black "Hsu, Li Yang"]
[Result "0-1"]
[WhiteElo "2225"]
[BlackElo "2441"]
[PlyCount "56"]
[EventDate "1995.12.14"]
[EventType "team"]
[EventRounds "9"]
[EventCountry "SIN"]
[SourceTitle "CBM 050 Extra"]
[Source "ChessBase"]
[SourceDate "1996.03.01"]
[SourceVersion "1"]
[SourceVersionDate "1996.03.01"]
[SourceQuality "1"]
[WhiteTeam "ASEAN"]
[BlackTeam "Singapore"]
[BlackTeamCountry "SIN"]

1. d4 Nf6 2. c4 e6 3. Nf3 b6 4. g3 Ba6 5. b3 Bb4+ 6. Bd2 Be7 7. Bg2 c6 8. 0-0 d5 9. Bc3 0-0 10. Nbd2 Nbd7 11. Re1 Bb7 12. e4 dxe4 13. Nxe4 c5 14. Ne5 cxd4 15. Qxd4 Bxe4 16. Bxe4 Bc5 17. Qd3 Nxe5 18. Bxe5 Qxd3 19. Bxd3 Ng4 20. Re2 Rad8 21. Rd1 Bxf2+ 22. Rxf2 Nxe5 23. Be2 Rxd1+ 24. Bxd1 Rd8 25. Bc2 f5 26. Re2 Nf3+ 27. Kg2 Nd4 28. Rd2 Kf7 0-1

[Event "Asia-chT fin 11th"]
[Site "Singapore"]
[Date "1995.12.15"]
[Round "2"]
[White "Tu, Hoang Thong"]
[Black "Hsu, Li Yang"]
[Result "1/2-1/2"]
[WhiteElo "2461"]
[BlackElo "2441"]
[PlyCount "92"]
[EventDate "1995.12.14"]
[EventType "team"]
[EventRounds "9"]
[EventCountry "SIN"]
[SourceTitle "CBM 050 Extra"]
[Source "ChessBase"]
[SourceDate "1996.03.01"]
[SourceVersion "1"]
[SourceVersionDate "1996.03.01"]
[SourceQuality "1"]
[WhiteTeam "Vietnam"]
[BlackTeam "Singapore"]
[WhiteTeamCountry "VIE"]
[BlackTeamCountry "SIN"]

1. e4 d5 2. exd5 Nf6 3. d4 Nxd5 4. Nf3 g6 5. g3 Bg7 6. Bg2 0-0 7. 0-0 Nc6 8. c3 Nb6 9. Bg5 h6 10. Bf4 g5 11. Bd2 Bf5 12. Na3 Qd7 13. Qc1 Rad8 14. h4 f6 15. Be3 Kh8 16. Re1 Bg4 17. Nc2 Rf7 18. b3 Qf5 19. Nh2 Bh5 20. Bd2 Qh7 21. Ne3 f5 22. hxg5 hxg5 23. Nef1 g4 24. Bf4 Nd5 25. Bxd5 Rxd5 26. Ne3 Rd7 27. Nc4 Rf8 28. Ne5 Nxe5 29. dxe5 e6 30. Qe3 Be8 31. Qxa7 Bh6 32. Qxb7 Bxf4 33. gxf4 Qh6 34. Rad1 Rh7 35. Qg2 Qxf4 36. Nf1 Qh6 37. Rd8 f4 38. Re4 Bc6 39. Rxf8+ Qxf8 40. Rxf4 Qxf4 41. Qxc6 Qxe5 42. Qe8+ Kg7 43. Ng3 Qe1+ 44. Kg2 Rh2+ 45. Kxh2 Qxf2+ 46. Kh1 Qf3+ 1/2-1/2

[Event "Genting zt"]
[Site "Genting"]
[Date "1995.??.??"]
[Round "4"]
[White "Donguines, Fernie"]
[Black "Hsu, Li Yang"]
[Result "1/2-1/2"]
[WhiteElo "2380"]
[BlackElo "2460"]
[PlyCount "56"]
[EventDate "1995.07.??"]
[EventType "swiss"]
[EventRounds "11"]
[EventCountry "INA"]
[SourceTitle "CBM 047 Extra"]
[Source "ChessBase"]
[SourceDate "1995.09.01"]
[SourceVersion "1"]
[SourceVersionDate "1995.09.01"]
[SourceQuality "1"]

1. e4 d5 2. exd5 Nf6 3. c4 e6 4. dxe6 Bxe6 5. Nf3 Nc6 6. Be2 Bc5 7. 0-0 Qd7 8. d3 0-0-0 9. Nbd2 Ng4 10. Ne4 Be7 11. b3 Nge5 12. Nxe5 Nxe5 13. Bb2 Nc6 14. Qd2 Rhe8 15. Rfe1 Nd4 16. Bf1 h6 17. Bxd4 Qxd4 18. Qe3 Bb4 19. Qxd4 Rxd4 20. Red1 Bf5 21. a3 Be7 22. Ng3 Bg6 23. Re1 Kd8 24. Red1 Kc8 25. Re1 Kd8 26. Ne4 Bf8 27. Red1 Bxe4 28. dxe4 Rexe4 1/2-1/2

[Event "Genting zt"]
[Site "Genting"]
[Date "1995.??.??"]
[Round "8"]
[White "Handoko, Edhi"]
[Black "Hsu, Li Yang"]
[Result "1/2-1/2"]
[WhiteElo "2500"]
[BlackElo "2460"]
[PlyCount "67"]
[EventDate "1995.07.??"]
[EventType "swiss"]
[EventRounds "11"]
[EventCountry "INA"]
[SourceTitle "CBM 047 Extra"]
[Source "ChessBase"]
[SourceDate "1995.09.01"]
[SourceVersion "1"]
[SourceVersionDate "1995.09.01"]
[SourceQuality "1"]

1. e4 c5 2. c3 Nf6 3. e5 Nd5 4. d4 cxd4 5. Nf3 Nc6 6. Bc4 Nb6 7. Bb3 g6 8. a4 d5 9. exd6 Qxd6 10. 0-0 Bg7 11. a5 Nd7 12. cxd4 Nxd4 13. Nxd4 Qxd4 14. Qf3 Ne5 15. Qg3 0-0 16. Nc3 Qg4 17. Bg5 Qxg3 18. hxg3 Nc6 19. a6 bxa6 20. Ba4 Bb7 21. Nd5 Kh8 22. Nxe7 Nb4 23. Rad1 h6 24. Be3 Rfd8 25. Bb3 Bf6 26. Rxd8+ Rxd8 27. Bc5 Nd3 28. Rd1 Rd7 29. Ba3 Kg7 30. Ba4 Rd4 31. Bc6 Bxc6 32. Nxc6 Rc4 33. Na5 Rd4 34. Nc6 1/2-1/2

[Event "Genting zt"]
[Site "Genting"]
[Date "1995.??.??"]
[Round "1"]
[White "Hsu, Li Yang"]
[Black "Aung, Thant Zin"]
[Result "1-0"]
[WhiteElo "2460"]
[BlackElo "2215"]
[PlyCount "81"]
[EventDate "1995.07.??"]
[EventType "swiss"]
[EventRounds "11"]
[EventCountry "INA"]
[SourceTitle "CBM 047 Extra"]
[Source "ChessBase"]
[SourceDate "1995.09.01"]
[SourceVersion "1"]
[SourceVersionDate "1995.09.01"]
[SourceQuality "1"]

1. d4 d5 2. c4 e6 3. Nc3 Nf6 4. cxd5 exd5 5. Bg5 Be7 6. e3 c6 7. Bd3 h6 8. Bxf6 Bxf6 9. Nge2 Be6 10. Nf4 Bc8 11. 0-0 0-0 12. b4 Qd6 13. Nh5 Bd8 14. b5 Bc7 15. Ng3 Nd7 16. bxc6 bxc6 17. Rc1 Nf6 18. Qc2 h5 19. Na4 h4 20. Qxc6 hxg3 21. Qxc7 Qa3 22. Qc2 gxh2+ 23. Kh1 Qd6 24. Qc6 Qxc6 25. Rxc6 Bd7 26. Ra6 Bxa4 27. Rxa4 Rfb8 28. Kxh2 Rb2 29. Kg3 Rd2 30. Ra3 Rb8 31. Rb1 Re8 32. Rc1 g6 33. Rc2 Rd1 34. Kf3 Re7 35. Ke2 Rh1 36. Ra6 Kg7 37. Rcc6 Nh5 38. Kf3 Rd1 39. Be2 Rd2 40. g4 Nf6 41. Rxf6 1-0

[Event "Olympiad-31"]
[Site "Moscow"]
[Date "1994.12.12"]
[Round "11.1"]
[White "Hsu, Li Yang"]
[Black "Owosina, Tolani A"]
[Result "1-0"]
[WhiteElo "2460"]
[BlackElo "2075"]
[PlyCount "75"]
[EventDate "1994.12.01"]
[EventType "team-swiss"]
[EventRounds "14"]
[EventCountry "RUS"]
[SourceTitle "CBM 045"]
[Source "ChessBase"]
[SourceDate "1995.04.01"]
[SourceVersion "1"]
[SourceVersionDate "1995.04.01"]
[SourceQuality "1"]
[WhiteTeam "Singapore"]
[BlackTeam "Nigeria"]
[WhiteTeamCountry "SIN"]
[BlackTeamCountry "NGR"]

1. c4 c5 2. Nc3 Nc6 3. g3 b6 4. Bg2 Bb7 5. Nf3 Nf6 6. 0-0 e6 7. e4 d6 8. d4 cxd4 9. Nxd4 Rc8 10. b3 Be7 11. Bb2 0-0 12. Rc1 a6 13. Qd2 Rc7 14. Rfd1 Rd7 15. Qe2 Qa8 16. Qe3 Nxd4 17. Qxd4 b5 18. cxb5 axb5 19. a3 Bc6 20. b4 Rfd8 21. h3 Bf8 22. a4 bxa4 23. b5 Bb7 24. Nxa4 Qb8 25. Qe3 Be7 26. e5 dxe5 27. Rxd7 Nxd7 28. Bc6 Ba8 29. Bxd7 Rxd7 30. Nb6 Rd8 31. Bxe5 Bd6 32. Bxd6 Qxd6 33. Nxa8 Rxa8 34. b6 f6 35. b7 Rb8 36. Rc8+ Kf7 37. Qa7 Qd1+ 38. Kh2 1-0

[Event "Asia-chT fin 10th"]
[Site "Kuala Lumpur"]
[Date "1993.06.??"]
[Round "9"]
[White "Hsu, Li Yang"]
[Black "Aryanejad, Hossein"]
[Result "1-0"]
[WhiteElo "2441"]
[BlackElo "2215"]
[PlyCount "127"]
[EventDate "1993.06.??"]
[EventType "team"]
[EventRounds "9"]
[EventCountry "MAS"]
[SourceTitle "EXT 1998"]
[Source "ChessBase"]
[SourceDate "1997.11.17"]
[SourceVersion "1"]
[SourceVersionDate "1997.11.17"]
[SourceQuality "1"]
[WhiteTeam "Singapore"]
[BlackTeam "Iran"]
[WhiteTeamCountry "SIN"]
[BlackTeamCountry "IRI"]

1. d4 Nf6 2. c4 g6 3. Nf3 Bg7 4. g3 0-0 5. Bg2 d6 6. 0-0 Nbd7 7. Qc2 e5 8. Rd1 Re8 9. dxe5 dxe5 10. e4 c6 11. h3 a5 12. Be3 Qe7 13. Nc3 Nc5 14. Rd2 Be6 15. b3 Rad8 16. Rad1 Rxd2 17. Rxd2 Bc8 18. Kh2 Nh5 19. Qd1 Nd7 20. Na4 Nhf6 21. Ng1 Nxe4 22. Bxe4 f5 23. Bg2 f4 24. Rxd7 Bxd7 25. Bc5 Qf7 26. Nb6 fxg3+ 27. fxg3 Bf5 28. Nf3 h6 29. Nh4 Bf6 30. Nxf5 gxf5 31. Qd7 Bd8 32. Qd6 f4 33. gxf4 Be7 34. Qxh6 Bxc5 35. Nd5 Re6 36. Qh4 Rg6 37. Be4 exf4 38. Bxg6 Qxg6 39. Qg4 Qxg4 40. Nf6+ Kf7 41. Nxg4 Ke6 42. Kg2 Kf5 43. Kf3 Bd6 44. h4 Kg6 45. Nf2 Kh5 46. Nd3 Kxh4 47. c5 Bb8 48. Nxf4 Kg5 49. Ne6+ Kf5 50. Nd8 Ke5 51. Ke3 Ba7 52. Nxb7 Kd5 53. Kd3 Bxc5 54. Nxa5 Bf8 55. Nc4 Kc5 56. Ne3 Bg7 57. Nc2 Bf6 58. a4 Kb6 59. Kc4 c5 60. Kd5 Bg5 61. Na3 Ka5 62. Nc4+ Kb4 63. Kc6 Bd8 64. a5 1-0

[Event "Asia-chT fin 10th"]
[Site "Kuala Lumpur"]
[Date "1993.06.??"]
[Round "2"]
[White "Hsu, Li Yang"]
[Black "Graf, Alexander"]
[Result "0-1"]
[WhiteElo "2441"]
[BlackElo "2565"]
[PlyCount "88"]
[EventDate "1993.06.??"]
[EventType "team"]
[EventRounds "9"]
[EventCountry "MAS"]
[SourceTitle "EXT 1998"]
[Source "ChessBase"]
[SourceDate "1997.11.17"]
[SourceVersion "1"]
[SourceVersionDate "1997.11.17"]
[SourceQuality "1"]
[WhiteTeam "Singapore"]
[BlackTeam "Uzbekistan"]
[WhiteTeamCountry "SIN"]
[BlackTeamCountry "UZB"]

1. d4 Nf6 2. c4 g6 3. Nf3 Bg7 4. g3 0-0 5. Bg2 d6 6. 0-0 Nc6 7. Nc3 e5 8. d5 Ne7 9. c5 e4 10. Ng5 dxc5 11. Ngxe4 Nxe4 12. Nxe4 b6 13. d6 cxd6 14. Qxd6 Bb7 15. Nf6+ Kh8 16. Qxd8 Raxd8 17. Bxb7 Bxf6 18. Rb1 Kg7 19. Be4 Rfe8 20. Be3 Nd5 21. Bxd5 Rxd5 22. Rfc1 Bd4 23. Bxd4+ Rxd4 24. Rc2 Red8 25. Kg2 f5 26. Rbc1 Kf6 27. Rc4 Rxc4 28. Rxc4 Rd2 29. Ra4 a5 30. b3 Rxe2 31. Kf3 Rc2 32. h4 Ke5 33. Ke3 h6 34. f3 g5 35. hxg5 hxg5 36. f4+ gxf4+ 37. gxf4+ Kd5 38. Kd3 Rh2 39. Kc3 Kc6 40. Kd3 Kb5 41. a3 Ra2 42. Kc3 Kc6 43. Kd3 Kd5 44. Kc3 Rf2 0-1

[Event "Jakarta zt"]
[Site "Jakarta"]
[Date "1993.??.??"]
[Round "11"]
[White "Hsu, Li Yang"]
[Black "Abdullah, Mohd Kamal"]
[Result "1-0"]
[WhiteElo "2370"]
[BlackElo "2230"]
[PlyCount "87"]
[EventDate "1993.01.??"]
[EventType "swiss"]
[EventRounds "11"]
[EventCountry "INA"]
[SourceTitle "CBM 035"]
[Source "ChessBase"]
[SourceDate "1993.08.01"]
[SourceVersion "1"]
[SourceVersionDate "1993.08.01"]
[SourceQuality "1"]

1. d4 Nf6 2. Nf3 g6 3. c4 Bg7 4. g3 0-0 5. Bg2 c5 6. 0-0 cxd4 7. Nxd4 Nc6 8. Nc3 Nxd4 9. Qxd4 d6 10. Qd3 Be6 11. b3 Qd7 12. Bb2 Rac8 13. Rac1 Rfd8 14. Rfd1 Bh3 15. Bh1 Rc5 16. e4 Bh6 17. Rc2 Rh5 18. f3 Rc8 19. Re2 Ne8 20. Nd5 e5 21. g4 Rh4 22. Bc3 Bg5 23. Be1 Rh6 24. Bg2 Bxg2 25. Rxg2 Rh3 26. Rg3 Rh4 27. Bd2 Bxd2 28. Qxd2 Qd8 29. Ne3 Qg5 30. Qf2 Qh6 31. Nd5 Kh8 32. Kh1 b6 33. a4 Rc5 34. Ne3 f6 35. Nd5 Qg5 36. Ne3 Qh6 37. Rdg1 Ng7 38. g5 fxg5 39. Ng4 Qh5 40. Qd2 Ne8 41. b4 Rc7 42. Qd5 Nf6 43. Qxd6 Nxg4 44. Qf8# 1-0